Le joueur argentin le mieux classé par édition du Ballon d'Or - Statistiques

Statistiques générales
  • Ce quiz a été pris 115 fois
  • Le résultat moyen est 23 sur 26
Statistiques - réponses
Années Classement Postes Joueurs % Correct
2023 1 A Lionel Messi
100%
2021 1 A Lionel Messi
100%
2019 1 A Lionel Messi
100%
2018 5 A Lionel Messi
100%
2017 2 A Lionel Messi
100%
2016 2 A Lionel Messi
100%
2015 1 A Lionel Messi
100%
2014 2 A Lionel Messi
100%
2013 2 A Lionel Messi
100%
2012 1 A Lionel Messi
100%
2011 1 A Lionel Messi
100%
2010 1 A Lionel Messi
100%
2009 1 A Lionel Messi
100%
2008 2 A Lionel Messi
100%
2007 3 A Lionel Messi
100%
2006 21 A Lionel Messi
100%
2025 20 A Lautaro Martinez
91%
2024 7 A Lautaro Martinez
91%
2000 7 A Gabriel Batistuta
67%
1999 4 A Gabriel Batistuta
67%
1998 6 A Gabriel Batistuta
67%
1997 23 A Gabriel Batistuta
67%
1996 13 A Gabriel Batistuta
67%
1995 20 A Gabriel Batistuta
67%
2001 16 M Juan Sebastian Veron
47%
2005 17 M/A Juan Roman Riquelme
44%
Aucun quiz correspondant
Distribution des résultats
% des personnes avec chaque résultat
Percentile par nombre de réponses
Votre historique - résultats
Vous n’avez pas pris ce quiz